000 00650cam a22002293a 4500
001 34559
003 PGUSA
005 20140828083739.0
008 101204s2010||||xxu|||||s|||||000 1 eng d
040 _aPGUSA
_beng
042 _adc
050 4 _aPQ
100 1 _aFéval, Paul,
_d1817-1887
245 1 0 _aLe Bossu Volume 5 :
_bAventures de cape et d'épée
_h[electronic resource] /
_cPaul Féval
260 _bProject Gutenberg,
_c2010
506 _aPublic domain in the USA.
516 _aElectronic text
653 _aRevenge -- Fiction
830 0 _aProject Gutenberg
_v34559
856 4 0 _uhttp://www.gutenberg.org/ebooks/34559
942 _cEB
999 _c263814
_d263814